| 000 | 00864nam a2200217 a 4500 | ||
|---|---|---|---|
| 005 | 20140310183407.0 | ||
| 008 | 121018s19uu xx 00 eng d | ||
| 020 | _a9780071289405 | ||
| 050 |
_aBF 295 _b.M36 2011 |
||
| 100 | _aMagill, Richard A. | ||
| 245 |
_aMotor learning and control : _bconcepts and applications / _cRichard A. Magill. |
||
| 250 | _a9th ed. | ||
| 260 |
_aNew York, United States : _bMcGraw-Hill, _c2011. |
||
| 300 |
_axiii, 466 p. : _bill. ; _c24 cm. |
||
| 500 | _aIncludes bibliographical references and indexes | ||
| 520 | _aDesigned for introductory students, this text provides the reader with a solid research base and defines difficult material by identifying concepts and demonstrating applications for each of those concepts | ||
| 521 | _aEDU | ||
| 650 |
_aMotor learning _xTextbooks |
||
| 942 |
_cBK _2lcc _kFOR |
||
| 999 |
_c22428 _d22428 |
||